Nicaragua: la imaginación sandinista y el desafío de la revolución
Guardado en:
| Autor principal: | |
|---|---|
| Formato: | Texto |
| Publicado: |
México:
s.e.
|
| Etiquetas: |
Agregar Etiqueta
Sin Etiquetas, Sea el primero en etiquetar este registro!
|
MARC
| LEADER | 00000 a a2200000 04500 | ||
|---|---|---|---|
| 001 | 21728 | ||
| 003 | |||
| 040 | |||
| 090 | |a 097200 | ||
| 100 | |a Verduga, César | ||
| 245 | |a Nicaragua: la imaginación sandinista y el desafío de la revolución | ||
| 260 | |a México: |b s.e. | ||
| 300 | |a 15 p. | ||
| 999 | |c 8258 |d 8258 | ||
